Catálogo

La pirámide roja / (Registro nro. 37665)

Detalles MARC
000 -LEADER
fixed length control field 01298cam a2200349 i 4500
001 - CONTROL NUMBER
control field 37665
003 - CONTROL NUMBER IDENTIFIER
control field Mx-PuUPA
005 - DATE AND TIME OF LATEST TRANSACTION
control field 20240410103800.0
008 - FIXED-LENGTH DATA ELEMENTS--GENERAL INFORMATION
fixed length control field 140415s2012 mx jr 000 1 spa d
020 ## - INTERNATIONAL STANDARD BOOK NUMBER
International Standard Book Number 9786073108010
040 ## - CATALOGING SOURCE
Transcribing agency Mx-PuUPA
Original cataloging agency Mx-PuUPA
Language of cataloging spa
Modifying agency Mx-PuUPA
Description conventions rda
041 1# - LANGUAGE CODE
Language code of text/sound track or separate title spa
Language code of original eng
100 1# - MAIN ENTRY--PERSONAL NAME
Personal name Riordan, Rick,
Relator term autor
240 14 - UNIFORM TITLE
Uniform title The Kane Chronicles.
Number of part/section of a work Vol. 1.
Name of part/section of a work The read pyramid.
Language of a work Español
245 13 - TITLE STATEMENT
Title La pirámide roja /
Statement of responsibility, etc. Rick Riordan ; traducción de Manuel Viciano Delibano
250 ## - EDITION STATEMENT
Edition statement Primera edición
264 #1 - PRODUCTION, PUBLICATION, DISTRIBUTION, MANUFACTURE, AND COPYRIGHT NOTICE
Place of production, publication, distribution, manufacture Ciudad de México :
Name of producer, publisher, distributor, manufacturer Montena,
Date of production, publication, distribution, manufacture, or copyright notice 2012
300 ## - PHYSICAL DESCRIPTION
Extent 473 páginas ;
Dimensions 22 cm
336 ## - CONTENT TYPE
Fuente rdacontent
Content type term texto
Content type code txt
337 ## - MEDIA TYPE
Source rdamedia
Media type term sin medio
Media type code n
338 ## - CARRIER TYPE
Source rdacarrier
Carrier type term volumen
Carrier type code nc
490 0# - SERIES STATEMENT
Series statement The Kane chronicles ;
Volume/sequential designation 1
650 #7 - SUBJECT ADDED ENTRY--TOPICAL TERM
Source of heading or term armarc
Topical term or geographic name entry element Travesías y viajes
Form subdivision Novela
650 #7 - SUBJECT ADDED ENTRY--TOPICAL TERM
Source of heading or term armarc
Topical term or geographic name entry element Mitología egipcia
Form subdivision Novela
650 #7 - SUBJECT ADDED ENTRY--TOPICAL TERM
Source of heading or term armarc
Topical term or geographic name entry element Aventuras y aventureros
Form subdivision Novela
700 1# - ADDED ENTRY--PERSONAL NAME
Personal name Delibano, Manuel Viciano,
Relator term traductor
765 0# - ORIGINAL LANGUAGE ENTRY
Main entry heading Riordan, Rick,
Title The Kane Chronicles. Vol. 1. The read pyramid.
942 ## - ADDED ENTRY ELEMENTS (KOHA)
Source of classification or shelving scheme Dewey Decimal Classification
Koha item type Libro
Classification part 813.6
Item part R6278
Existencias
Withdrawn status Lost status Source of classification or shelving scheme Damaged status Not for loan Collection code Home library Current library Shelving location Date acquired Serial Enumeration / chronology Total Checkouts Full call number Barcode Date last seen Price effective from Koha item type Source of acquisition Cost, normal purchase price Date last checked out Copy number Cost, replacement price
    Dewey Decimal Classification     General Angelópolis Angelópolis Sala general 16/02/2024 v.1   813.6 R6278 2012 965000000165 16/02/2024 16/02/2024 Libro          
    Dewey Decimal Classification     General Biblioteca Karol Wojtyla Biblioteca Karol Wojtyla Sala general 05/03/2024 v.1 3 813.6 R6278 2012 104409 12/03/2026 05/03/2024 Libro 1 315.00 27/02/2026 Ej.2 315.00
    Dewey Decimal Classification     General Biblioteca Karol Wojtyla Biblioteca Karol Wojtyla Sala general 05/03/2024 v.1   813.6 R6278 2012 104408 05/01/2026 05/03/2024 Libro 1 315.00     315.00